00289nam a2200097Ia 4500008004100000100002800041245003100069245003000100260000900130856005200139160531s9999 xx 000 0 und d aLikharev, Konstantin K. aEssential Graduate Physics cby Konstantin K. Likharev c2013 uhttp://mysbfiles.stonybrook.edu/~klikharev/EGP/